Statistics for Premier League 2022/23 Players by Name - E

Click here to take the quiz!

General Stats

  • This quiz has been taken 49 times
  • The average score is 10 of 13

Answer Stats

ClubNationPositionPlayer% Correct
Manchester CityBrazilGKEderson
100%
Manchester UnitedSwedenFWAnthony Elanga
97%
Manchester UnitedDenmarkMFChristian Eriksen
94%
ArsenalEgyptMFMohamed Elneny
89%
Leicester CityNorthern IrelandDFJonny Evans
86%
West Ham UnitedItalyDFEmerson
80%
LiverpoolEnglandMFHarvey Elliott
77%
Crystal PalaceFranceFWOdsonne Edouard
77%
Brighton & Hove AlbionEcuadorDFPervis Estupinan
74%
SouthamptonNorwayMFMohamed Elyounoussi
66%
Crystal PalaceMFMFEberechi Eze
60%
Brighton & Hove AlbionParaguayFWJulio Enciso
51%
SouthamptonEnglandFWSamuel Edozie
17%

Score Distribution

Percentile by Number Answered

Percent of People with Each Score

Your Score History

You have not taken this quiz